000 00827nas a2200241 4500
001 BR2010000259
003 BR-BrBNA
005 20231205113822.0
007 ta
008 230509b bl.|||p| |||| 00| 00por d
040 _aBR-BrBNA
_bpor
_cBiblioteca Nacional de Agricultura
041 _a(Pt)
072 _aQ60
100 1 _aGonçalves, R.S.
100 1 _aBattistin, A.
245 1 _aApresentação da potenciometria como métodp de determinação da capacidade coordenante de óleos essenciais com o ion ferro, 1: estudos com óleos essenciais de Mentha
650 _aMENTA
650 _aÓLEO ESSENCIAL
650 _aPROCESSAMENTO
773 0 _tPesquisa Agropecuária Gaúcha (Brazil)
_xISSN 0104-9070
_g(2009), v. 15(1) p. 39-43
_wBR2010000259
909 _a202311
_bLúcia
_c55
_dLúcia Elande
942 _2AGRIS
_n0
_cANA
999 _c205785
_d205785